indicatif téléphonique Geogssr - Statistiques

Statistiques générales
  • Ce quiz a été pris 24 fois
  • Le résultat moyen est 19 sur 81
Statistiques - réponses
Pays Indicatif % Correct
France 33
93%
Etat unis 1
73%
Canada 1
73%
Espagne 34
60%
Kazakhstan 7
60%
Russie 7
60%
Pays bas 31
53%
Italie 39
53%
Belgique 32
47%
Hongrie 36
47%
Royaume uni 44
47%
Indonésie 62
47%
Philippine 63
47%
Afrique du sud 27
40%
Grèce 30
40%
Malaisie 60
40%
Ausralie 61
40%
Nouvelle Zélande 64
40%
Singapour 65
40%
Thailande 66
40%
Corée du Sud 82
40%
Roumanie 40
33%
Autriche 43
33%
Danemark 45
33%
Suède 46
33%
Norvège 47
33%
Pologne 48
33%
Allemagne 49
33%
Pérou 51
33%
Mexique 52
33%
Argentine 54
33%
Brésil 55
33%
Chili 56
33%
Colombie 57
33%
Viet-nam 84
33%
Tunisie 216
27%
Japon 81
27%
Turquie 90
27%
Inde 91
27%
Sri Lanka 94
27%
Sénégal 221
13%
Kenya 254
13%
Ghana 233
7%
Nigéria 234
7%
Ouganda 256
7%
Iles Féroé 298
7%
Groeland 299
7%
Portugal 351
7%
Finlande 358
7%
Bulgarie 359
7%
Lituanie 370
7%
Lettonie 371
7%
Estonie 372
7%
Ukraine 380
7%
Tchéquie 420
7%
Slovaquie 421
7%
Guatemala 502
7%
Costa Rica 506
7%
Panama 507
7%
Jordanie 962
7%
Oman 968
7%
EAU 971
7%
Israel 972
7%
Qatar 974
7%
Mongolie 976
7%
Rwanda 250
0%
Namibie 264
0%
Lesotho 266
0%
Botwana 267
0%
Eswatini 268
0%
Serbie 381
0%
Montenegro 382
0%
Croatie 385
0%
Slovénie 386
0%
Bolivie 591
0%
Equateur 593
0%
Uruguay 598
0%
Cambodge 855
0%
Laos 856
0%
Bangladesh 880
0%
Taiwan 886
0%
Aucun quiz correspondant
Distribution des résultats
% des personnes avec chaque résultat
Percentile par nombre de réponses
Votre historique - résultats
Vous n’avez pas pris ce quiz